LIBRARY & INFORMATION CENTRE, KCAET, TAVANUR

ONLINE PUBLIC ACCESS CATALOGUE (OPAC)

Civil engineering drawing and house planning / (Record no. 228)

MARC details
000 -LEADER
fixed length control field 00570cam a2200229ua 4500
041 ## - LANGUAGE CODE
Language code of text/sound track or separate title eng
082 ## - DEWEY DECIMAL CLASSIFICATION NUMBER
Classification number 604.21
Item number VER/CI
100 ## - MAIN ENTRY--AUTHOR NAME
Personal name Varma, B P.
245 ## - TITLE STATEMENT
Title Civil engineering drawing and house planning /
250 ## - EDITION STATEMENT
Edition statement 10 /
260 ## - PUBLICATION, DISTRIBUTION, ETC. (IMPRINT)
Place of publication Delhi :
Name of publisher Khanna publishers ,
Year of publication 1997.
300 ## - PHYSICAL DESCRIPTION
Number of Pages 126 ; .
650 ## - SUBJECT ADDED ENTRY--TOPICAL TERM
Topical Term Engineering drawing
942 ## - ADDED ENTRY ELEMENTS (KOHA)
Koha item type Books
Holdings
Withdrawn status Lost status Damaged status Home library Current library Date acquired Full call number Accession Number Koha item type
      KAUAET KAUAET 07/04/2012 604.21 VAR/CI 18707 Books
      KAUAET KAUAET 07/04/2012 604.21 VAR/CI 18588 Books
      KAUAET KAUAET 07/04/2012 604.21 VAR/CI 18706 Books
      KAUAET KAUAET 07/04/2012 604.21 VAR/CI 18589 Books
free website counter